[Event "Russian Higher League 2021"]
[Site "?"]
[Date "2021.07.03"]
[Round "7.4"]
[White "Lysyj, Igor"]
[Black "Matlakov, Maxim"]
[Result "1/2-1/2"]
[WhiteElo "2605"]
[BlackElo "2688"]
[Annotator ""]
[Source ""]
[Remark ""]

1.d4 {[%clk 1:30:57]} d5 {[%clk 1:30:44]} 2.c4 {[%clk 1:31:21]}
c6 {[%clk 1:30:43]} 3.Nf3 {[%clk 1:31:44]} Nf6 {[%clk 1:31:05]}
4.e3 {[%clk 1:32:10]} Bf5 {[%clk 1:30:44]} 5.Nc3 {[%clk 1:32:34]}
e6 {[%clk 1:31:07]} 6.Nh4 {[%clk 1:32:59]} Bg6 {[%clk 1:31:12]}
7.Be2 {[%clk 1:32:57]} Nbd7 {[%clk 1:30:47]} 8.g3 {[%clk 1:33:00]}
Bd6 {[%clk 1:30:56]} 9.O-O {[%clk 1:31:56]} O-O {[%clk 1:30:56]}
10.Nxg6 {[%clk 1:32:11]} hxg6 {[%clk 1:31:22]} 11.Bd2 {[%clk 1:32:35]}
a6 {[%clk 1:30:54]} 12.Qc2 {[%clk 1:28:55]} dxc4 {[%clk 1:09:26]}
13.Bxc4 {[%clk 1:29:07]} b5 {[%clk 0:56:27]} 14.Be2 {[%clk 1:27:36]}
c5 {[%clk 0:53:43]} 15.dxc5 {[%clk 0:58:16]} Nxc5 {[%clk 0:53:43]}
16.Rfd1 {[%clk 0:53:22]} Rc8 {[%clk 0:50:13]} 17.Be1 {[%clk 0:52:53]}
Qb6 {[%clk 0:48:12]} 18.Rac1 {[%clk 0:51:07]} Be5 {[%clk 0:43:41]}
19.Bf3 {[%clk 0:44:27]} Rc7 {[%clk 0:34:04]} 20.Qb1 {[%clk 0:36:50]}
Rfc8 {[%clk 0:29:15]} 21.Ne2 {[%clk 0:36:09]} b4 {[%clk 0:23:40]}
22.b3 {[%clk 0:30:21]} a5 {[%clk 0:21:56]} 23.h4 {[%clk 0:28:37]}
Ne8 {[%clk 0:17:29]} 24.Nf4 {[%clk 0:21:54]} Nd6 {[%clk 0:11:46]}
25.Nd3 {[%clk 0:20:25]} Bf6 {[%clk 0:09:14]} 26.Nxc5 {[%clk 0:19:41]}
Rxc5 {[%clk 0:09:33]} 27.Rxc5 {[%clk 0:17:12]} Qxc5 {[%clk 0:07:05]}
28.Qd3 {[%clk 0:14:23]} Nb5 {[%clk 0:06:58]} 29.Be2 {[%clk 0:14:24]}
Nc3 {[%clk 0:05:50]} 30.Bxc3 {[%clk 0:14:47]} bxc3 {[%clk 0:06:15]}
31.Qc2 {[%clk 0:14:25]} Rd8 {[%clk 0:05:08]} 32.Rxd8+ {[%clk 0:14:30]}
Bxd8 {[%clk 0:05:32]} 33.Bd3 {[%clk 0:14:08]} Bf6 {[%clk 0:05:19]}
34.a4 {[%clk 0:12:04]} Qd5 {[%clk 0:03:42]} 35.Be4 {[%clk 0:11:20]}
Qd2 {[%clk 0:03:50]} 36.Kf1 {[%clk 0:10:52]} Kf8 {[%clk 0:04:01]}
37.Qxd2 {[%clk 0:10:39]} cxd2 {[%clk 0:04:22]} 38.Ke2 {[%clk 0:11:00]}
Bc3 {[%clk 0:04:47]} 39.Bc6 {[%clk 0:11:14]} Ke7 {[%clk 0:05:11]}
40.Bb5 {[%clk 0:41:30]} Bb4 {[%clk 0:35:25]} 41.Bc6 {[%clk 0:41:51]} 1/2-1/2

[Event "Russian Higher League 2021"]
[Site "?"]
[Date "2021.07.03"]
[Round "7.5"]
[White "Antipov, Mikhail Al."]
[Black "Predke, Alexandr"]
[Result "1/2-1/2"]
[WhiteElo "2596"]
[BlackElo "2683"]
[Annotator ""]
[Source ""]
[Remark ""]

1.e4 {[%clk 1:30:58]} e5 {[%clk 1:26:47]} 2.Nf3 {[%clk 1:31:26]}
Nc6 {[%clk 1:27:04]} 3.Bc4 {[%clk 1:31:49]} Bc5 {[%clk 1:27:26]}
4.d3 {[%clk 1:32:13]} Nf6 {[%clk 1:25:46]} 5.O-O {[%clk 1:32:36]}
d6 {[%clk 1:26:04]} 6.c3 {[%clk 1:32:58]} h6 {[%clk 1:26:16]}
7.Re1 {[%clk 1:33:09]} O-O {[%clk 1:26:32]} 8.Nbd2 {[%clk 1:33:20]}
Bb6 {[%clk 1:26:27]} 9.Bb3 {[%clk 1:33:38]} a5 {[%clk 1:25:41]}
10.h3 {[%clk 1:31:14]} Be6 {[%clk 1:23:32]} 11.Nc4 {[%clk 1:25:42]}
Ba7 {[%clk 1:22:22]} 12.Ba4 {[%clk 1:14:16]} Ne7 {[%clk 1:11:43]}
13.Ne3 {[%clk 1:03:40]} Ng6 {[%clk 1:07:02]} 14.Bc2 {[%clk 0:58:47]}
Nh7 {[%clk 0:47:22]} 15.d4 {[%clk 0:51:26]} Ng5 {[%clk 0:47:38]}
16.Nf5 {[%clk 0:47:56]} Nxf3+ {[%clk 0:21:54]} 17.Qxf3 {[%clk 0:48:24]}
exd4 {[%clk 0:21:18]} 18.cxd4 {[%clk 0:31:29]} d5 {[%clk 0:21:30]}
19.Be3 {[%clk 0:31:38]} dxe4 {[%clk 0:20:28]} 20.Bxe4 {[%clk 0:30:11]}
c6 {[%clk 0:20:53]} 21.Rad1 {[%clk 0:15:31]} Bd5 {[%clk 0:17:04]}
22.Bxh6 {[%clk 0:10:35]} gxh6 {[%clk 0:13:51]} 23.Nxh6+ {[%clk 0:11:04]}
Kg7 {[%clk 0:13:00]} 24.Nf5+ {[%clk 0:11:30]} Kg8 {[%clk 0:13:14]}
25.Nh6+ {[%clk 0:11:57]} Kg7 {[%clk 0:13:42]} 26.Nf5+ {[%clk 0:12:21]}
Kg8 {[%clk 0:14:09]} 27.h4 {[%clk 0:12:31]} Be6 {[%clk 0:10:36]}
28.g3 {[%clk 0:07:43]} Qf6 {[%clk 0:08:16]} 29.h5 {[%clk 0:05:20]}
Bxf5 {[%clk 0:03:44]} 30.Bxf5 {[%clk 0:05:14]} Ne7 {[%clk 0:03:59]}
31.Bh7+ {[%clk 0:04:21]} Kg7 {[%clk 0:04:26]} 32.h6+ {[%clk 0:04:46]}
Qxh6 {[%clk 0:04:53]} 33.Rxe7 {[%clk 0:05:11]} Qxh7 {[%clk 0:04:27]}
34.Rde1 {[%clk 0:02:44]} Rad8 {[%clk 0:03:32]} 35.R1e4 {[%clk 0:02:28]}
Rd6 {[%clk 0:03:56]} 36.Rxb7 {[%clk 0:02:52]} Bb8 {[%clk 0:01:41]}
37.Re8 {[%clk 0:01:58]} Qb1+ {[%clk 0:00:56]} 38.Kg2 {[%clk 0:02:27]}
Rf6 {[%clk 0:01:14]} 39.Qg4+ {[%clk 0:01:34]} Rg6 {[%clk 0:01:38]}
40.Qf3 {[%clk 0:31:57]} Rf6 {[%clk 0:30:39]} 41.Qg4+ {[%clk 0:22:17]}
Rg6 {[%clk 0:30:38]} 42.Qf3 {[%clk 0:22:21]} Rf6 {[%clk 0:26:37]} 1/2-1/2

[Event "Russian Higher League 2021"]
[Site "?"]
[Date "2021.07.03"]
[Round "7.6"]
[White "Shuvalova, Polina"]
[Black "Chigaev, Maksim"]
[Result "0-1"]
[WhiteElo "2489"]
[BlackElo "2630"]
[Annotator ""]
[Source ""]
[Remark ""]

1.e4 {[%clk 1:30:56]} c5 {[%clk 1:30:52]} 2.Nf3 {[%clk 1:31:22]}
d6 {[%clk 1:31:16]} 3.Bb5+ {[%clk 1:31:43]} Nd7 {[%clk 1:31:40]}
4.d4 {[%clk 1:31:59]} cxd4 {[%clk 1:32:01]} 5.Qxd4 {[%clk 1:32:24]}
Ngf6 {[%clk 1:31:25]} 6.O-O {[%clk 1:31:14]} a6 {[%clk 1:31:38]}
7.Bxd7+ {[%clk 1:31:35]} Bxd7 {[%clk 1:31:39]} 8.Bg5 {[%clk 1:31:37]}
e6 {[%clk 1:16:38]} 9.c4 {[%clk 1:31:26]} Bc6 {[%clk 1:14:18]}
10.Nc3 {[%clk 1:31:23]} Be7 {[%clk 1:11:35]} 11.Qd3 {[%clk 1:30:35]}
O-O {[%clk 1:09:38]} 12.Nd4 {[%clk 1:30:46]} Rc8 {[%clk 1:08:23]}
13.b3 {[%clk 1:30:28]} Bd7 {[%clk 1:05:46]} 14.a4 {[%clk 1:25:59]}
Qa5 {[%clk 1:01:55]} 15.Bd2 {[%clk 1:26:04]} Qh5 {[%clk 1:01:45]}
16.Rfe1 {[%clk 1:23:15]} Rfd8 {[%clk 0:59:08]} 17.h3 {[%clk 1:20:43]}
Be8 {[%clk 0:58:08]} 18.Rad1 {[%clk 1:15:58]} Nd7 {[%clk 0:56:48]}
19.Be3 {[%clk 1:13:41]} h6 {[%clk 0:52:21]} 20.Nde2 {[%clk 1:10:53]}
Qa5 {[%clk 0:50:55]} 21.Qb1 {[%clk 1:09:03]} Ne5 {[%clk 0:47:12]}
22.Bd2 {[%clk 1:05:20]} Qc5 {[%clk 0:42:25]} 23.Be3 {[%clk 1:05:32]}
Qc7 {[%clk 0:39:27]} 24.Kh1 {[%clk 1:01:42]} Bf6 {[%clk 0:34:41]}
25.Bd4 {[%clk 0:57:03]} Bc6 {[%clk 0:30:32]} 26.Qb2 {[%clk 0:51:09]}
Nd7 {[%clk 0:28:52]} 27.Bxf6 {[%clk 0:49:24]} Nxf6 {[%clk 0:29:14]}
28.Nd4 {[%clk 0:48:59]} Qa5 {[%clk 0:25:24]} 29.Re3 {[%clk 0:42:57]}
Bd7 {[%clk 0:22:21]} 30.Qd2 {[%clk 0:37:47]} Qc5 {[%clk 0:19:14]}
31.f3 {[%clk 0:31:57]} Ne8 {[%clk 0:10:02]} 32.Rd3 {[%clk 0:30:54]}
b6 {[%clk 0:10:13]} 33.Qe1 {[%clk 0:26:16]} Rc7 {[%clk 0:08:45]}
34.Qh4 {[%clk 0:24:53]} Qg5 {[%clk 0:08:11]} 35.Qf2 {[%clk 0:24:15]}
Qc5 {[%clk 0:07:48]} 36.Qd2 {[%clk 0:24:22]} Bc8 {[%clk 0:06:46]}
37.Nc2 {[%clk 0:21:04]} Rcd7 {[%clk 0:06:50]} 38.Rd4 {[%clk 0:20:33]}
Bb7 {[%clk 0:06:34]} 39.b4 {[%clk 0:20:27]} Qc7 {[%clk 0:05:35]}
40.Ne3 {[%clk 0:49:09]} Nf6 {[%clk 0:35:21]} 41.g4 {[%clk 0:40:19]}
Nh7 {[%clk 0:14:27]} 42.Qh2 {[%clk 0:34:40]} Ng5 {[%clk 0:14:09]}
43.Qg3 {[%clk 0:34:06]} f6 {[%clk 0:14:31]} 44.h4 {[%clk 0:33:24]}
Nf7 {[%clk 0:14:37]} 45.Kg2 {[%clk 0:23:05]} a5 {[%clk 0:13:30]}
46.Nb5 {[%clk 0:22:24]} Qc6 {[%clk 0:12:31]} 47.bxa5 {[%clk 0:21:39]}
bxa5 {[%clk 0:12:53]} 48.Qe1 {[%clk 0:21:08]} Qc5 {[%clk 0:05:52]}
49.h5 {[%clk 0:18:48]} Ne5 {[%clk 0:05:32]} 50.Qc3 {[%clk 0:17:25]}
Bc6 {[%clk 0:05:38]} 51.Qd2 {[%clk 0:12:45]} f5 {[%clk 0:04:33]}
52.gxf5 {[%clk 0:11:13]} exf5 {[%clk 0:04:55]} 53.f4 {[%clk 0:11:20]}
Ng4 {[%clk 0:04:06]} 54.Nxg4 {[%clk 0:08:18]} fxg4 {[%clk 0:04:33]}
55.Rh1 {[%clk 0:06:06]} Rf8 {[%clk 0:04:29]} 56.Kg3 {[%clk 0:05:47]}
Rdf7 {[%clk 0:04:19]} 57.f5 {[%clk 0:02:22]} Qe5+ {[%clk 0:03:49]}
58.Kxg4 {[%clk 0:00:47]} Bxe4 {[%clk 0:03:19]} 59.Rf1 {[%clk 0:00:32]}
Rxf5 {[%clk 0:03:29]} 60.Rxf5 {[%clk 0:00:46]} Rxf5 {[%clk 0:03:10]} 0-1

[Event "Russian Higher League 2021"]
[Site "?"]
[Date "2021.07.03"]
[Round "7.7"]
[White "Dreev, Aleksey"]
[Black "Paravyan, David"]
[Result "1/2-1/2"]
[WhiteElo "2647"]
[BlackElo "2629"]
[Annotator ""]
[Source ""]
[Remark ""]

1.d4 {[%clk 1:30:58]} d5 {[%clk 1:30:55]} 2.c4 {[%clk 1:29:44]}
e6 {[%clk 1:31:19]} 3.Nc3 {[%clk 1:29:36]} Be7 {[%clk 1:31:09]}
4.cxd5 {[%clk 1:28:59]} exd5 {[%clk 1:31:34]} 5.Bf4 {[%clk 1:29:24]}
Nf6 {[%clk 1:32:00]} 6.e3 {[%clk 1:28:46]} Bf5 {[%clk 1:32:23]}
7.Nge2 {[%clk 1:26:20]} O-O {[%clk 1:30:33]} 8.Ng3 {[%clk 1:26:37]}
Be6 {[%clk 1:30:15]} 9.Bd3 {[%clk 1:25:11]} c5 {[%clk 1:23:05]}
10.dxc5 {[%clk 1:24:23]} Bxc5 {[%clk 1:23:30]} 11.O-O {[%clk 1:21:42]}
Nc6 {[%clk 1:23:55]} 12.Rc1 {[%clk 1:15:09]} Bd6 {[%clk 1:23:27]}
13.Nge2 {[%clk 1:12:36]} Rc8 {[%clk 1:05:10]} 14.h3 {[%clk 1:08:07]}
a6 {[%clk 0:42:06]} 15.Bb1 {[%clk 1:03:40]} Re8 {[%clk 0:31:57]}
16.Bg5 {[%clk 0:58:28]} h6 {[%clk 0:29:26]} 17.Bh4 {[%clk 0:57:55]}
Bb8 {[%clk 0:14:59]} 18.a3 {[%clk 0:56:12]} Qe7 {[%clk 0:10:26]}
19.Qc2 {[%clk 0:43:07]} Red8 {[%clk 0:10:20]} 20.Rcd1 {[%clk 0:40:55]}
Kf8 {[%clk 0:03:11]} 21.Ba2 {[%clk 0:29:53]} b5 {[%clk 0:00:54]}
22.Qb1 {[%clk 0:29:17]} g5 {[%clk 0:01:11]} 23.Bg3 {[%clk 0:29:39]}
b4 {[%clk 0:01:21]} 24.axb4 {[%clk 0:28:55]} Nxb4 {[%clk 0:01:20]}
25.Nd4 {[%clk 0:27:47]} Bd7 {[%clk 0:01:22]} 26.Bb3 {[%clk 0:20:09]}
a5 {[%clk 0:00:33]} 27.Qa1 {[%clk 0:14:27]} Bxg3 {[%clk 0:00:37]}
28.fxg3 {[%clk 0:14:52]} a4 {[%clk 0:00:42]} 29.Bxa4 {[%clk 0:14:52]}
Ra8 {[%clk 0:01:05]} 30.b3 {[%clk 0:14:40]} Rdc8 {[%clk 0:00:33]}
31.Kh2 {[%clk 0:14:11]} Ra6 {[%clk 0:00:35]} 32.Qb2 {[%clk 0:11:43]}
Kg8 {[%clk 0:00:34]} 33.Bxd7 {[%clk 0:11:04]} Nxd7 {[%clk 0:00:32]}
34.e4 {[%clk 0:08:09]} Qc5 {[%clk 0:00:32]} 35.Na4 {[%clk 0:04:29]}
Qf8 {[%clk 0:00:32]} 36.Nf5 {[%clk 0:04:13]} Rc2 {[%clk 0:00:58]}
37.Qd4 {[%clk 0:04:27]} Re6 {[%clk 0:00:54]} 38.Nc3 {[%clk 0:03:10]}
Nc6 {[%clk 0:00:34]} 39.Qd3 {[%clk 0:02:45]} Nb4 {[%clk 0:00:46]}
40.Qe3 {[%clk 0:33:02]} Qc5 {[%clk 0:30:31]} 41.Nxd5 {[%clk 0:22:25]}
Nxd5 {[%clk 0:28:17]} 42.Rxd5 {[%clk 0:21:15]} Qxe3 {[%clk 0:25:30]}
43.Nxe3 {[%clk 0:21:35]} Rc7 {[%clk 0:25:57]} 44.Nf5 {[%clk 0:20:59]}
Nb6 {[%clk 0:07:45]} 45.Rd6 {[%clk 0:17:34]} Rxd6 {[%clk 0:06:05]}
46.Nxd6 {[%clk 0:17:59]} Rc6 {[%clk 0:01:37]} 47.Nxf7 {[%clk 0:15:18]}
Re6 {[%clk 0:02:02]} 48.e5 {[%clk 0:13:21]} Kg7 {[%clk 0:01:58]}
49.Nd6 {[%clk 0:09:52]} Rxe5 {[%clk 0:01:09]} 50.Rf7+ {[%clk 0:06:09]}
Kg6 {[%clk 0:01:35]} 51.Rb7 {[%clk 0:06:35]} Nd5 {[%clk 0:02:02]}
52.Rb5 {[%clk 0:06:02]} g4 {[%clk 0:02:28]} 53.hxg4 {[%clk 0:04:28]}
Kf6 {[%clk 0:02:56]} 54.Nc4 {[%clk 0:03:34]} Rg5 {[%clk 0:03:23]}
55.Rc5 {[%clk 0:02:50]} Ke7 {[%clk 0:00:53]} 56.Kg1 {[%clk 0:02:59]}
Nf6 {[%clk 0:01:09]} 57.Rxg5 {[%clk 0:02:16]} hxg5 {[%clk 0:01:36]}
58.Ne5 {[%clk 0:02:34]} Ne4 {[%clk 0:01:58]} 59.Nf3 {[%clk 0:02:10]}
Ke6 {[%clk 0:01:56]} 60.Kf1 {[%clk 0:02:25]} Nxg3+ {[%clk 0:00:57]}
61.Kf2 {[%clk 0:02:52]} Ne4+ {[%clk 0:01:18]} 62.Ke2 {[%clk 0:02:13]}
Kd6 {[%clk 0:00:35]} 63.Kd3 {[%clk 0:02:32]} Kd5 {[%clk 0:00:51]}
64.Ke3 {[%clk 0:02:55]} Nc5 {[%clk 0:00:58]} 65.Nd2 {[%clk 0:03:01]}
Ne6 {[%clk 0:00:33]} 66.b4 {[%clk 0:01:36]} Nd4 {[%clk 0:00:45]}
67.Kd3 {[%clk 0:01:42]} Nc6 {[%clk 0:01:11]} 68.Kc3 {[%clk 0:01:54]}
Ne5 {[%clk 0:01:34]} 69.b5 {[%clk 0:01:12]} Kc5 {[%clk 0:00:35]}
70.b6 {[%clk 0:01:38]} Kc6 {[%clk 0:00:53]} 71.Nc4 {[%clk 0:01:31]}
Nxg4 {[%clk 0:01:07]} 72.Kb4 {[%clk 0:00:59]} Nf6 {[%clk 0:01:21]}
73.Ka5 {[%clk 0:01:27]} Nd7 {[%clk 0:01:31]} 74.Ka6 {[%clk 0:01:51]}
Kc5 {[%clk 0:01:40]} 75.Nd2 {[%clk 0:01:18]} 1/2-1/2

[Event "Russian Higher League 2021"]
[Site "?"]
[Date "2021.07.03"]
[Round "7.8"]
[White "Kokarev, Dmitry"]
[Black "Zakhartsov, Vladimir"]
[Result "1/2-1/2"]
[WhiteElo "2618"]
[BlackElo "2506"]
[Annotator ""]
[Source ""]
[Remark ""]

1.e4 {[%clk 1:30:49]} c5 {[%clk 1:30:48]} 2.Nf3 {[%clk 1:31:08]}
d6 {[%clk 1:31:10]} 3.Bb5+ {[%clk 1:31:28]} Nd7 {[%clk 1:31:27]}
4.a4 {[%clk 1:31:41]} Ngf6 {[%clk 1:30:24]} 5.Nc3 {[%clk 1:31:57]}
a6 {[%clk 1:29:56]} 6.Be2 {[%clk 1:32:17]} b6 {[%clk 1:29:49]}
7.d4 {[%clk 1:32:37]} cxd4 {[%clk 1:30:02]} 8.Qxd4 {[%clk 1:33:00]}
e5 {[%clk 1:27:52]} 9.Qe3 {[%clk 1:27:15]} Bb7 {[%clk 1:26:12]}
10.O-O {[%clk 1:26:39]} Be7 {[%clk 1:23:43]} 11.Bc4 {[%clk 1:20:24]}
Qc7 {[%clk 1:19:23]} 12.b3 {[%clk 1:14:25]} Nc5 {[%clk 1:14:51]}
13.Nd2 {[%clk 1:10:16]} O-O {[%clk 1:11:58]} 14.Ba3 {[%clk 1:08:32]}
Ne6 {[%clk 1:03:35]} 15.Bxe6 {[%clk 0:59:01]} fxe6 {[%clk 1:03:58]}
16.Nc4 {[%clk 0:59:25]} Nd7 {[%clk 0:57:46]} 17.Rad1 {[%clk 0:56:36]}
Nc5 {[%clk 0:54:02]} 18.Bxc5 {[%clk 0:56:47]} bxc5 {[%clk 0:50:40]}
19.Rd3 {[%clk 0:56:51]} Rad8 {[%clk 0:46:55]} 20.Rfd1 {[%clk 0:57:03]}
h6 {[%clk 0:45:22]} 21.Qd2 {[%clk 0:52:05]} Bg5 {[%clk 0:45:11]}
22.Qe2 {[%clk 0:52:28]} Be7 {[%clk 0:45:33]} 23.Qg4 {[%clk 0:51:28]}
Bc8 {[%clk 0:42:14]} 24.Qh5 {[%clk 0:48:17]} Rf4 {[%clk 0:37:29]}
25.g3 {[%clk 0:47:15]} Rf7 {[%clk 0:30:26]} 26.h4 {[%clk 0:46:36]}
Rdf8 {[%clk 0:21:40]} 27.R1d2 {[%clk 0:45:12]} Bb7 {[%clk 0:19:52]}
28.Qg4 {[%clk 0:40:52]} Kh7 {[%clk 0:16:15]} 29.Qd1 {[%clk 0:34:26]}
Bc8 {[%clk 0:11:30]} 30.Nxd6 {[%clk 0:28:53]} Bxd6 {[%clk 0:11:52]}
31.Rxd6 {[%clk 0:29:19]} c4 {[%clk 0:12:14]} 32.b4 {[%clk 0:29:04]}
Rf3 {[%clk 0:12:20]} 33.Rd8 {[%clk 0:14:54]} Rxd8 {[%clk 0:11:01]}
34.Rxd8 {[%clk 0:15:16]} Rxc3 {[%clk 0:11:20]} 35.Rf8 {[%clk 0:15:40]}
Bb7 {[%clk 0:06:07]} 36.h5 {[%clk 0:12:38]} Qe7 {[%clk 0:05:38]}
37.Rb8 {[%clk 0:13:01]} Bc6 {[%clk 0:02:25]} 38.b5 {[%clk 0:13:20]}
axb5 {[%clk 0:02:46]} 39.axb5 {[%clk 0:13:46]} Be8 {[%clk 0:00:48]}
40.b6 {[%clk 0:44:10]} Bc6 {[%clk 0:30:43]} 41.Qg4 {[%clk 0:37:07]}
Qf6 {[%clk 0:27:12]} 42.Rc8 {[%clk 0:37:28]} Bb7 {[%clk 0:25:37]}
43.Rc7 {[%clk 0:36:59]} Rxc2 {[%clk 0:24:01]} 44.Qg6+ {[%clk 0:37:19]}
Qxg6 {[%clk 0:24:27]} 45.hxg6+ {[%clk 0:37:43]} Kxg6 {[%clk 0:24:54]}
46.Rxb7 {[%clk 0:38:05]} Rb2 {[%clk 0:24:51]} 47.Kg2 {[%clk 0:38:23]}
Kf6 {[%clk 0:24:45]} 48.Rb8 {[%clk 0:38:21]} c3 {[%clk 0:24:25]}
49.Rc8 {[%clk 0:38:24]} c2 {[%clk 0:24:48]} 50.b7 {[%clk 0:38:17]}
Rxb7 {[%clk 0:25:12]} 51.Rxc2 {[%clk 0:38:44]} h5 {[%clk 0:25:20]}
52.Rc8 {[%clk 0:38:51]} Rb4 {[%clk 0:22:20]} 53.Rf8+ {[%clk 0:38:33]}
Kg6 {[%clk 0:22:26]} 54.Kf3 {[%clk 0:38:26]} Rb1 {[%clk 0:22:35]}
55.Re8 {[%clk 0:37:27]} Kf7 {[%clk 0:22:30]} 56.Rh8 {[%clk 0:37:49]}
g6 {[%clk 0:22:54]} 57.Ra8 {[%clk 0:38:01]} Rg1 {[%clk 0:23:03]}
58.Rb8 {[%clk 0:37:48]} Re1 {[%clk 0:23:21]} 59.Rh8 {[%clk 0:37:51]}
Ra1 {[%clk 0:22:16]} 60.Rb8 {[%clk 0:37:25]} Ra3+ {[%clk 0:22:34]}
61.Kg2 {[%clk 0:36:34]} Rd3 {[%clk 0:22:47]} 62.Ra8 {[%clk 0:36:52]}
Rd7 {[%clk 0:23:07]} 63.Rb8 {[%clk 0:36:29]} Kf6 {[%clk 0:23:08]}
64.Rf8+ {[%clk 0:35:55]} Rf7 {[%clk 0:23:33]} 65.Rh8 {[%clk 0:36:07]}
Re7 {[%clk 0:21:13]} 66.Ra8 {[%clk 0:36:17]} g5 {[%clk 0:20:06]}
67.Rh8 {[%clk 0:36:31]} Kg6 {[%clk 0:20:33]} 68.Rg8+ {[%clk 0:36:53]}
Rg7 {[%clk 0:20:57]} 69.Re8 {[%clk 0:37:17]} Kf7 {[%clk 0:21:17]}
70.Rh8 {[%clk 0:37:39]} Kg6 {[%clk 0:21:10]} 71.Re8 {[%clk 0:38:01]}
Kf6 {[%clk 0:21:37]} 72.Rf8+ {[%clk 0:37:48]} Ke7 {[%clk 0:21:58]}
73.Rh8 {[%clk 0:38:10]} h4 {[%clk 0:22:24]} 74.f3 {[%clk 0:35:32]}
Kf6 {[%clk 0:21:40]} 1/2-1/2

[Event "Russian Higher League 2021"]
[Site "?"]
[Date "2021.07.03"]
[Round "7.9"]
[White "Alekseev, Evgeny"]
[Black "Kezin, Roman"]
[Result "1-0"]
[WhiteElo "2605"]
[BlackElo "2486"]
[Annotator ""]
[Source ""]
[Remark ""]

1.e4 {[%clk 1:30:55]} c5 {[%clk 1:30:53]} 2.Nf3 {[%clk 1:31:13]}
e6 {[%clk 1:31:19]} 3.d4 {[%clk 1:31:12]} cxd4 {[%clk 1:31:45]}
4.Nxd4 {[%clk 1:31:37]} Nc6 {[%clk 1:32:11]} 5.Nc3 {[%clk 1:30:30]}
Qc7 {[%clk 1:32:33]} 6.g3 {[%clk 1:30:25]} a6 {[%clk 1:32:43]}
7.Bg2 {[%clk 1:30:37]} Nf6 {[%clk 1:33:07]} 8.O-O {[%clk 1:29:52]}
Nxd4 {[%clk 1:33:24]} 9.Qxd4 {[%clk 1:30:08]} Bc5 {[%clk 1:33:50]}
10.Qd3 {[%clk 1:29:21]} Ng4 11.Qe2 h5 12.Kh1 b5 13.h3 Bb7 14.Bf4
Ne5 15.Rad1 Rc8 16.Bc1 b4 17.Nb1 a5 18.c4 d6 19.Nd2 Nc6 20.Nf3
e5 21.Be3 Nd8 22.Nh4 Ne6 23.f4 Bxe3 24.Qxe3 Qc5 25.Qd2 Nd4 26.fxe5
dxe5 27.Nf5 g6 28.Nxd4 exd4 29.Qxd4 O-O 30.b3 Qg5 31.Qf2 Bc6
32.Qf4 Qc5 33.Qd6 Qe3 34.Qf4 Qc5 35.e5 Bxg2+ 36.Kxg2 a4 37.Rf2
Rce8 38.Rd5 Qa7 39.Rd6 Re7 40.Rxg6+ fxg6 41.Qxf8+ Kh7 42.e6 axb3
43.axb3 Rg7 44.Qxg7+ 1-0

[Event "Russian Higher League 2021"]
[Site "?"]
[Date "2021.07.03"]
[Round "7.10"]
[White "Iljiushenok, Ilia"]
[Black "Shimanov, Aleksandr"]
[Result "1/2-1/2"]
[WhiteElo "2530"]
[BlackElo "2597"]
[Annotator ""]
[Source ""]
[Remark ""]

1.e4 {[%clk 1:30:57]} e6 {[%clk 1:30:41]} 2.d4 {[%clk 1:31:22]}
d5 {[%clk 1:31:07]} 3.Nc3 {[%clk 1:31:29]} Bb4 {[%clk 1:30:46]}
4.e5 {[%clk 1:31:50]} c5 {[%clk 1:30:22]} 5.a3 {[%clk 1:32:15]}
Bxc3+ {[%clk 1:30:11]} 6.bxc3 {[%clk 1:32:44]} Ne7 {[%clk 1:30:30]}
7.Qg4 {[%clk 1:32:50]} O-O {[%clk 1:29:23]} 8.Bd3 {[%clk 1:25:34]}
Nbc6 {[%clk 1:28:43]} 9.Qh5 {[%clk 1:15:37]} Ng6 {[%clk 1:28:42]}
10.Nf3 {[%clk 1:15:10]} Qc7 {[%clk 1:28:53]} 11.Be3 {[%clk 1:03:50]}
c4 {[%clk 1:28:23]} 12.Bxg6 {[%clk 1:03:23]} fxg6 {[%clk 1:28:42]}
13.Qg4 {[%clk 1:01:57]} Qf7 {[%clk 1:28:59]} 14.Kd2 {[%clk 0:57:55]}
h6 {[%clk 1:23:19]} 15.Nh4 {[%clk 0:47:35]} Ne7 {[%clk 1:08:19]}
16.f4 {[%clk 0:46:54]} Bd7 {[%clk 1:06:59]} 17.a4 {[%clk 0:45:13]}
a5 {[%clk 0:56:39]} 18.Rhb1 {[%clk 0:45:03]} Rfb8 {[%clk 0:55:37]}
19.Ke2 {[%clk 0:34:25]} Qe8 {[%clk 0:49:30]} 20.Bc1 {[%clk 0:31:33]}
Nf5 {[%clk 0:45:15]} 21.Kd2 {[%clk 0:23:23]} Bxa4 {[%clk 0:40:58]}
22.Rb6 {[%clk 0:19:13]} Ra6 {[%clk 0:17:49]} 23.Rxa6 {[%clk 0:17:46]}
bxa6 {[%clk 0:18:15]} 24.Nxf5 {[%clk 0:16:59]} gxf5 {[%clk 0:18:21]}
25.Qh4 {[%clk 0:15:59]} Rb7 {[%clk 0:14:56]} 26.g3 {[%clk 0:14:16]}
Kh7 {[%clk 0:13:55]} 27.Qh3 {[%clk 0:10:40]} Bb5 {[%clk 0:04:44]}
28.Qh4 {[%clk 0:10:01]} a4 {[%clk 0:04:40]} 29.Ba3 {[%clk 0:09:52]}
Qg8 {[%clk 0:03:54]} 30.Be7 {[%clk 0:07:03]} Qe8 {[%clk 0:04:19]}
31.Ba3 {[%clk 0:07:29]} Qg8 {[%clk 0:04:45]} 32.Be7 {[%clk 0:07:55]}
Be8 {[%clk 0:04:55]} 33.h3 {[%clk 0:05:52]} Bg6 {[%clk 0:04:33]}
34.Ba3 {[%clk 0:05:20]} Qe8 {[%clk 0:04:36]} 35.Rf1 {[%clk 0:03:56]}
Qb8 {[%clk 0:03:18]} 36.Bd6 {[%clk 0:04:22]} Qe8 {[%clk 0:03:44]}
37.Ba3 {[%clk 0:04:48]} Kg8 {[%clk 0:02:47]} 38.Rg1 {[%clk 0:04:33]}
Kh8 {[%clk 0:02:34]} 39.Rf1 {[%clk 0:04:40]} Qd7 {[%clk 0:02:08]}
40.Ra1 {[%clk 0:34:29]} Kh7 {[%clk 0:31:42]} 41.Rf1 {[%clk 0:33:17]}
Rb5 {[%clk 0:19:19]} 42.Ra1 {[%clk 0:29:52]} Qb7 {[%clk 0:17:57]}
43.Qe7 {[%clk 0:26:18]} Qxe7 {[%clk 0:15:36]} 44.Bxe7 {[%clk 0:26:46]}
Be8 {[%clk 0:15:58]} 45.Ba3 {[%clk 0:19:50]} g5 {[%clk 0:15:50]}
46.Ke3 {[%clk 0:16:15]} Rb7 {[%clk 0:15:56]} 47.Rg1 {[%clk 0:12:59]}
Rg7 {[%clk 0:16:01]} 48.Rb1 {[%clk 0:12:13]} gxf4+ {[%clk 0:15:14]}
49.Kxf4 {[%clk 0:12:41]} Bb5 {[%clk 0:15:38]} 50.Rg1 {[%clk 0:12:21]}
h5 {[%clk 0:15:36]} 51.Bf8 {[%clk 0:10:23]} Rg6 {[%clk 0:15:45]}
52.Ba3 {[%clk 0:10:37]} Be8 {[%clk 0:13:30]} 53.Rb1 {[%clk 0:09:06]}
Bb5 {[%clk 0:12:26]} 54.Rg1 {[%clk 0:09:35]} Kg7 {[%clk 0:12:25]}
55.g4 {[%clk 0:09:09]} fxg4 {[%clk 0:12:41]} 56.hxg4 {[%clk 0:09:38]}
Kf7 {[%clk 0:13:04]} 57.g5 {[%clk 0:05:36]} Rg7 {[%clk 0:12:18]}
58.Rf1 {[%clk 0:04:57]} Kg6 {[%clk 0:11:42]} 59.Kg3 {[%clk 0:01:39]}
Kxg5 {[%clk 0:09:30]} 60.Bf8 {[%clk 0:02:04]} Rg6 {[%clk 0:08:33]}
61.Kh3 {[%clk 0:02:18]} Be8 {[%clk 0:08:21]} 62.Rf2 {[%clk 0:00:38]}
h4 {[%clk 0:06:28]} 63.Be7+ {[%clk 0:00:54]} Kh5 {[%clk 0:06:57]}
64.Bxh4 {[%clk 0:01:18]} Rg1 {[%clk 0:02:33]} 65.Rf8 {[%clk 0:01:47]}
Rh1+ {[%clk 0:02:23]} 66.Kg2 {[%clk 0:00:47]} Rc1 {[%clk 0:00:43]}
67.Rxe8 {[%clk 0:01:15]} a3 {[%clk 0:00:48]} 68.Rxe6 {[%clk 0:01:41]}
a2 {[%clk 0:00:40]} 69.Rxa6 {[%clk 0:02:09]} a1Q {[%clk 0:01:05]}
70.Rxa1 {[%clk 0:02:37]} Rxa1 {[%clk 0:01:31]} 71.Be7 {[%clk 0:02:23]}
Kg4 {[%clk 0:00:54]} 72.Bb4 {[%clk 0:02:49]} Kf5 {[%clk 0:00:35]}
73.Kf3 {[%clk 0:02:31]} Ra2 {[%clk 0:01:01]} 74.Ke3 {[%clk 0:02:41]}
Rxc2 {[%clk 0:01:26]} 75.Kf3 {[%clk 0:02:57]} Rd2 {[%clk 0:01:47]}
76.Ke3 {[%clk 0:02:59]} Rd3+ {[%clk 0:02:11]} 77.Kf2 {[%clk 0:03:06]}
Rh3 {[%clk 0:02:18]} 78.Ke2 {[%clk 0:02:48]} Kf4 {[%clk 0:02:31]}
79.Kd2 {[%clk 0:02:34]} Rh2+ {[%clk 0:02:53]} 80.Kd1 {[%clk 0:02:43]}
Rh6 {[%clk 0:02:19]} 81.Kd2 {[%clk 0:01:26]} Kf3 {[%clk 0:02:37]}
82.Bc5 {[%clk 0:01:18]} Rh2+ {[%clk 0:02:34]} 83.Kc1 {[%clk 0:01:41]}
Re2 {[%clk 0:01:37]} 84.Bb4 {[%clk 0:02:07]} Kf2 {[%clk 0:01:43]}
85.Kd1 {[%clk 0:02:13]} Kf1 {[%clk 0:01:48]} 86.Bc5 {[%clk 0:02:12]}
Re3 {[%clk 0:01:52]} 87.Bb4 {[%clk 0:02:22]} Kg2 {[%clk 0:01:15]}
88.Kd2 {[%clk 0:02:39]} Kf3 {[%clk 0:01:40]} 89.Kd1 {[%clk 0:02:52]}
Re2 {[%clk 0:02:01]} 90.Kc1 {[%clk 0:03:17]} Re4 {[%clk 0:01:25]}
91.Kd2 {[%clk 0:03:37]} Kf2 {[%clk 0:01:41]} 92.Bc5 {[%clk 0:02:28]}
Re2+ {[%clk 0:02:00]} 93.Kd1 {[%clk 0:02:30]} Re4 {[%clk 0:01:14]}
94.Kd2 {[%clk 0:02:50]} Re2+ {[%clk 0:01:41]} 95.Kd1 {[%clk 0:03:18]}
Re3 {[%clk 0:01:02]} 96.Bb4 {[%clk 0:03:35]} Re4 {[%clk 0:00:58]} 1/2-1/2